000 00693nam a2200193 a 4500
005 20140412111324.0
008 000829s19uu xx 00 eng d
020 _a1-85697-308-5
050 _aREF 030
_bW872 1999
100 _aO' Neill, Amanda
245 _aI wonder why spiders spin webs :
_band other questions about creepy crawlies /
_cAmanda O'Neill.
260 _aDanbury, Connecticut :
_bGrolier Inc,
_c1999.
300 _a32 p.
440 _aI wonder why
500 _aIncludes index
520 _aWith information and quirky facts to explain everything from 'Which insect tastes with its toes?' to 'How do grasshoppers play the violin?'.
650 _aScience
999 _c104543
_d104543